LEADER 01098nam a2200253 u 4500 001 000000027969 003 CaOOAMICUS 005 20070226111740.0 008 960316s1966 it u000 u ita u 035 $a10726165 040 $aPUL(R)$bita 100 1 $aAbbate, Michele,$d1922-$0(OLS)http://pul/name/22805 245 13$aLa filosofia di Benedetto Croce e la crisi della societā italiana /$cMichele Abbate. 260 $aTorino :$bEinaudi,$c1966. 300 $a274 p. ;$c18 cm 490 1 $aPiccola biblioteca Einaudi ;$v76 600 14$aCroce, Benedetto,$d1866-1952$xCritica e interpretazione.$0(OLS)http://pul/subject/7277 830 0$aPiccola biblioteca Einaudi ;$v76.$0(OLS)http://pul/title/8551 850 $aPUL 852 $aPUL$W1$xDP1 Fondo Giannini$y60$m1555 D 12$j38890$nBK-PRI$b $qFondi$B38890$CPULBib$Z2$F38890 $H $81 941 1 $a1 961 $aINV: Fondo Giannini 996 $6245$aLa filosofia di Benedetto Croce e la crisi della societā italiana$9(OLS)http://pul/title/38211 996 $6260$aTorino :$bEinaudi$9(OLS)http://pul/publisher/48130 LEADER 01424cam a2200337 a 4500 001 000000166426 003 CaOOAMICUS 005 20180306104236.0 008 180306s2015 it 000 u ita r 020 $z978-88-514-1539-6* 032 $aLibriCat 040 $aPUL$bita 082 04$a261.8 100 1 $aMaffeis, Ivan.$0(OLS)http://pul/name/39302 245 10$aCronisti dell'invisibile :$binformazione religiosa, 15 protagonisti si raccontano /$cIvan Maffeis ; prefazione di Domenico Pompili. 260 $aMilano :$bĀncora,$cŠ2015. 300 $a139 p. ;$c21 cm. 490 1 $aFocus 504 $aInclude riferimenti bibliografici. 650 4$aDottrina sociale della Chiesa.$0(OLS)http://pul/subject/33229 700 1 $aPompili, Domenico.$0(OLS)http://pul/name/80676 830 0$aFocus (Ancora).$0(OLS)http://pul/title/135686 850 $aPUL 852 $aPUL$W1$xSL Religione 3$y85$m261. 8 MAFIV 1$j190983$qDDC 21$B193856$CPULBib$Z2$F193856 $H130422 $81 941 1 $a9 960 $aDottrina sociale cristiana$933229 996 $6020$z978-88-514-1539-6*$9(OLS)http://pul/number/163672 996 $6082$a261.8$9(OLS)http://pul/classification/367 996 $6245$aCronisti dell'invisibile :$binformazione religiosa, 15 protagonisti si raccontano$9(OLS)http://pul/title/206152 996 $6260$aMilano :$bĀncora$9(OLS)http://pul/publisher/53070